01632nam a22001577a 4500999001700000100007400017245008400091260003000175300000900205500098300214700004201197856003201239942001101271952009001282952010201372 c65859d65856 aBhatti, Ghulam Mustafa a13MSST05aSupervisor - Dr. Adnan Ahmed Arain aComparative Analysis of Congestion Control Routing Protocol in AD HOC Networks  aNawabshah:bQUEST,c2019. a28p. aABSTRACT Congestion control in wireless ad-hoc networks is a genuine problem. In this thesis, the two routing protocols for congestion control are calculated. The measures to decrease the collision problem arc described wit h special congest ion control routing protocols. After the comparison between AODY and R-AODY with the help of some congest ion control mechanism, it is found that AODY works on a simple algorithm which is not sufficient to control the congestion in ad hoc network. On the other hand R-J\ODV uses drop factor techniques which drop the extra packets on the network and also decreases the congest ion on heavy traffic load. However, R-AODV works better on heavy traffic as compared to AODY. Apart from this, R-J\ODY 's performance is not affected y the quantity of mobile nodes and data rate. Additionally, my results show that when RAODY is compared with /\ODY method , its delay per packet decreases hut the quantity of packet delivery ratio increases.  aDepartment of Information Technology uhttp://tinyurl.com/u3cda9r4 cTHESIS 00104070aRESEARCHbRESEARCHd2019-10-15l0pMP/53-654r2019-10-15 00:00:00yTHESIS 00104070aRESEARCHbRESEARCHd2023-12-21l0pMP/44-504r2023-12-21 00:00:00w2023-12-21yTHESIS